000 00559nam a2200193Ia 4500
005 20250326144950.0
008 250326s9999 xx 000 0 und d
020 _a0-7494-4359-6
037 _aTextbook
040 _aFMSL
_beng
_cFMSL
041 _aeng
_2eng
084 _aX8(A):8 P4
_qFMSL
100 _aCoulson-thomas C
_9750391
245 0 _aTransforming company: manage change, complete & win
_cCoulson-thomas C
260 _aDelhi
_bDelhi, Kogan Page
_c2004
300 _axx,395
942 _cTB
_hX8(A):8 P4
999 _c1305832
_d1305832